[Event "1.FrauenBL 2018-19"]
[Site "Berlin"]
[Date "2019.03.01"]
[Round "9.10"]
[White "Goehler, Antje"]
[Black "Boehm, Jana"]
[Result "1-0"]
[WhiteElo "2099"]
[BlackElo "2004"]
[Annotator "NA"]
[PlyCount "135"]
[EventDate "2018.10.27"]
[EventType "team-tourn"]
[EventCountry "GER"]
[SourceTitle "playchess.com"]
[Source "ChessBase"]
[SourceQuality "1"]
[WhiteTeam "Pankow"]
[BlackTeam "SK Lehrte"]
[TimeControl "40/5400+30:1800+30"]

1. d4 {[%emt 0:00:05]} Nf6 {[%emt 0:00:00]} 2. Nf3 {[%emt 0:00:00]} c5 {[%emt 0:00:38]} 3. d5 {[%emt 0:01:13]} b5 {[%emt 0:00:51]} 4. c4 {[%emt 0:02:33]} Bb7 {[%emt 0:03:03]} 5. e3 {[%emt 0:00:41]} d6 {[%emt 0:08:18]} 6. b3 {[%emt 0:17:22]} Nbd7 {[%emt 0:08:34]} 7. Bb2 {[%emt 0:00:33]} bxc4 {[%emt 0:01:56]} 8. Bxc4 {[%emt 0:06:21]} Nb6 {[%emt 0:09:38]} 9. Bb5+ {[%emt 0:02:26]} Nfd7 {[%emt 0:00:45]} 10. e4 {[%emt 0:02:32]} a6 {[%emt 0:01:46]} 11. Be2 {[%emt 0:01:43]} Nf6 {[%emt 0:03:15]} 12. Nbd2 {[%emt 0:00:34]} g6 {[%emt 0:09:49]} 13. O-O {[%emt 0:01:36]} Bg7 {[%emt 0:00:35]} 14. Qc2 {[%emt 0:01:05]} O-O {[%emt 0:01:37]} 15. Nc4 {[%emt 0:02:50]} e5 {[%emt 0:00:00]} 16. dxe6 {[%emt 0:11:28]} Bxe4 {[%emt 0:10:13]} 17. exf7+ {[%emt 0:05:45]} Rxf7 {[%emt 0:01:27]} 18. Bxf6 {[%emt 0:08:25]} Qxf6 {[%emt 0:04:17]} 19. Qxe4 {[%emt 0:01:06]} d5 {[%emt 0:02:09]} 20. Qc2 {[%emt 0:00:33]} dxc4 {[%emt 0:00:28]} 21. Bxc4 {[%emt 0:00:30]} Nxc4 {[%emt 0:01:19]} 22. Qxc4 {[%emt 0:01:17]} Kh8 {[%emt 0:06:13]} 23. Qxc5 {[%emt 0:02:41]} Qxa1 {[%emt 0:02:33]} 24. Rxa1 {[%emt 0:00:07]} Bxa1 {[%emt 0:00:05]} 25. Qc4 {[%emt 0:05:24]} Rd8 {[%emt 0:04:58]} 26. h4 {[%emt 0:00:31]} Rf6 {[%emt 0:01:45]} 27. Qc1 {[%emt 0:03:23]} Bd4 {[%emt 0:03:18]} 28. Nxd4 {[%emt 0:01:34]} Rxd4 {[%emt 0:00:05]} 29. g3 {[%emt 0:03:06]} Rfd6 {[%emt 0:01:07]} 30. Kg2 {[%emt 0:03:18]} Rd2 {[%emt 0:01:21]} 31. Qc3+ {[%emt 0:01:21]} Kg8 {[%emt 0:00:19]} 32. a4 {[%emt 0:00:00]} h5 {[%emt 0:02:11]} 33. b4 {[%emt 0:01:07]} R2d5 {[%emt 0:01:48]} 34. Qc4 {[%emt 0:03:11]} Kf8 {[%emt 0:00:51]} 35. Qc8+ {[%emt 0:00:00]} Ke7 {[%emt 0:00:00]} 36. Qb7+ {[%emt 0:00:16]} Ke6 {[%emt 0:01:00]} 37. Qg7 {[%emt 0:01:35]} Kf5 {[%emt 0:01:05]} 38. Qf7+ {[%emt 0:01:05]} Ke4 {[%emt 0:01:19]} 39. b5 {[%emt 0:02:20]} axb5 {[%emt 0:00:54]} 40. axb5 {[%emt 0:00:09]} Kd4 {[%emt 0:03:47]} 41. Qa7+ {[%emt 0:32:41]} Kc4 {[%emt 0:30:13]} 42. b6 {[%emt 0:02:50]} Rb5 {[%emt 0:00:19]} 43. Qc7+ {[%emt 0:00:00]} Kd5 {[%emt 0:00:00]} 44. b7 {[%emt 0:00:00]} Rdb6 {[%emt 0:00:00]} 45. b8=Q {[%emt 0:00:00]} Rxb8 {[%emt 0:00:00]} 46. Qf7+ {[%emt 0:00:00]} Kd6 {[%emt 0:00:00]} 47. Qxg6+ {[%emt 0:00:00]} Ke7 {[%emt 0:00:00]} 48. Qg7+ {[%emt 0:00:00]} Ke6 {[%emt 0:00:00]} 49. f3 {[%emt 0:00:00]} Rb2+ {[%emt 0:00:00]} 50. Kh3 {[%emt 0:00:00]} R8b5 {[%emt 0:00:00]} 51. Qg6+ {[%emt 0:00:00]} Ke7 {[%emt 0:00:00]} 52. g4 {[%emt 0:00:00]} hxg4+ {[%emt 0:00:00]} 53. Qxg4 {[%emt 0:00:00]} R2b3 {[%emt 0:00:00]} 54. h5 {[%emt 0:00:00]} Rb6 {[%emt 0:00:00]} 55. Qg7+ {[%emt 0:00:00]} Ke8 {[%emt 0:00:00]} 56. Qg8+ {[%emt 0:00:41]} Ke7 {[%emt 0:00:00]} 57. Qg7+ {[%emt 0:00:20]} Ke8 {[%emt 0:00:00]} 58. Qe5+ {[%emt 0:00:42]} Kf8 {[%emt 0:00:00]} 59. Kg4 {[%emt 0:01:03]} Rb1 {[%emt 0:00:00]} 60. Qc5+ {[%emt 0:00:39]} Kf7 {[%emt 0:00:00]} 61. f4 {[%emt 0:01:10]} R6b4 {[%emt 0:00:00]} 62. Qc7+ {[%emt 0:00:00]} Kg8 {[%emt 0:06:03]} 63. Kg5 {[%emt 0:02:07]} Rb6 {[%emt 0:00:00]} 64. Qc4+ {[%emt 0:00:29]} Kh8 {[%emt 0:00:00]} 65. Qd4+ {[%emt 0:00:17]} Kh7 {[%emt 0:00:00]} 66. f5 {[%emt 0:00:00]} Ra6 {[%emt 0:00:00]} 67. Qd7+ {[%emt 0:00:00]} Kg8 {[%emt 0:04:21]} 68. Qc8+ {[%emt 0:00:00]} 1-0

[Event "1.FrauenBL 2018-19"]
[Site "Berlin"]
[Date "2019.03.01"]
[Round "9.11"]
[White "Manusina, Nicole"]
[Black "Mai, Iris"]
[Result "1/2-1/2"]
[WhiteElo "1988"]
[BlackElo "2035"]
[Annotator "NA"]
[PlyCount "118"]
[EventDate "2018.10.27"]
[EventType "team-tourn"]
[EventCountry "GER"]
[SourceTitle "playchess.com"]
[Source "ChessBase"]
[SourceQuality "1"]
[WhiteTeam "SK Lehrte"]
[BlackTeam "Pankow"]
[TimeControl "40/5400+30:1800+30"]

1. d4 {[%emt 0:00:04]} Nf6 2. c4 {[%emt 0:00:06]} e6 {[%emt 0:00:22]} 3. Nc3 {[%emt 0:00:06]} d5 {[%emt 0:00:17]} 4. cxd5 {[%emt 0:00:12]} exd5 {[%emt 0:00:27]} 5. Bg5 {[%emt 0:00:08]} Be7 {[%emt 0:03:25]} 6. e3 {[%emt 0:03:14]} c6 {[%emt 0:03:49]} 7. Qc2 {[%emt 0:02:30]} Bg4 {[%emt 0:03:38]} 8. Bd3 {[%emt 0:02:06]} Bh5 {[%emt 0:04:13]} 9. Nf3 {[%emt 0:07:32]} Bg6 {[%emt 0:01:02]} 10. Bxg6 {[%emt 0:02:02]} hxg6 {[%emt 0:00:05]} 11. Rb1 {[%emt 0:01:00]} Na6 {[%emt 0:08:12]} 12. a3 {[%emt 0:07:29]} Nc7 {[%emt 0:01:24]} 13. b4 {[%emt 0:17:07]} a6 {[%emt 0:17:59]} 14. a4 {[%emt 0:13:32]} Ne6 {[%emt 0:10:55]} 15. Bxf6 {[%emt 0:07:54]} gxf6 {[%emt 0:00:14]} 16. O-O {[%emt 0:04:18]} Bd6 {[%emt 0:19:25]} 17. g3 {[%emt 0:12:40]} Kf8 {[%emt 0:06:35]} 18. Rfd1 {[%emt 0:06:13]} Kg7 {[%emt 0:01:25]} 19. e4 {[%emt 0:03:59]} Rh5 {[%emt 0:00:56]} 20. Qe2 {[%emt 0:02:51]} Qd7 {[%emt 0:04:43]} 21. b5 {[%emt 0:03:12]} axb5 {[%emt 0:00:26]} 22. axb5 {[%emt 0:00:16]} Rah8 {[%emt 0:00:24]} 23. bxc6 {[%emt 0:01:08]} bxc6 {[%emt 0:00:06]} 24. exd5 {[%emt 0:00:51]} cxd5 {[%emt 0:00:11]} 25. Qb5 {[%emt 0:01:02]} Qd8 {[%emt 0:04:29]} 26. Na4 {[%emt 0:01:19]} Rf5 {[%emt 0:03:52]} 27. Rd3 {[%emt 0:00:34]} Qg8 {[%emt 0:01:39]} 28. h4 {[%emt 0:00:32]} Qh7 {[%emt 0:01:07]} 29. Qd7 {[%emt 0:00:26]} Rd8 {[%emt 0:02:08]} 30. Qa7 {[%emt 0:00:29]} g5 {[%emt 0:00:22]} 31. Rb7 {[%emt 0:00:11]} Qg6 {[%emt 0:00:08]} 32. Nc5 {[%emt 0:00:34]} Bxc5 {[%emt 0:01:20]} 33. dxc5 {[%emt 0:00:03]} d4 {[%emt 0:00:26]} 34. c6 {[%emt 0:01:14]} Rc5 {[%emt 0:01:00]} 35. Qa6 {[%emt 0:00:27]} Rc1+ {[%emt 0:00:11]} 36. Kh2 {[%emt 0:00:17]} g4 {[%emt 0:00:35]} 37. Qa3 {[%emt 0:00:48]} Rxc6 {[%emt 0:00:27]} 38. Nd2 {[%emt 0:00:31]} Nc5 {[%emt 0:00:46]} 39. Rdb3 {[%emt 0:00:27]} Nxb3 {[%emt 0:00:13]} 40. Qxb3 {[%emt 0:00:26]} Rcd6 {[%emt 0:00:43]} 41. Rb5 {[%emt 0:02:25]} f5 {[%emt 0:03:43]} 42. Nc4 {[%emt 0:02:40]} Qe6 {[%emt 0:05:36]} 43. Re5 {[%emt 0:03:00]} Qf6 {[%emt 0:05:56]} 44. Nxd6 {[%emt 0:03:27]} Rxd6 {[%emt 0:00:15]} 45. Re2 {[%emt 0:06:26]} d3 {[%emt 0:04:45]} 46. Rd2 {[%emt 0:00:32]} Qd4 {[%emt 0:00:07]} 47. Qb5 {[%emt 0:01:40]} Qe4 {[%emt 0:04:37]} 48. Qc5 {[%emt 0:05:03]} Rd4 {[%emt 0:02:35]} 49. Qb5 {[%emt 0:04:19]} Qd5 {[%emt 0:02:04]} 50. Qxd5 {[%emt 0:03:05]} Rxd5 {[%emt 0:00:05]} 51. Kg2 {[%emt 0:00:14]} f4 {[%emt 0:02:20]} 52. gxf4 {[%emt 0:01:45]} Kg6 {[%emt 0:01:29]} 53. f3 {[%emt 0:01:18]} Kf5 {[%emt 0:01:19]} 54. Kg3 {[%emt 0:00:28]} gxf3 {[%emt 0:00:07]} 55. Kxf3 {[%emt 0:00:06]} Rd4 {[%emt 0:00:06]} 56. Ke3 {[%emt 0:00:45]} Rd7 {[%emt 0:01:15]} 57. h5 {[%emt 0:01:12]} Kg4 {[%emt 0:01:26]} 58. h6 {[%emt 0:00:36]} f5 {[%emt 0:00:11]} 59. Rxd3 {[%emt 0:00:32]} Re7+ {[%emt 0:00:31]} 1/2-1/2

[Event "1.FrauenBL 2018-19"]
[Site "Berlin"]
[Date "2019.03.01"]
[Round "9.12"]
[White "Wolf, Sylvia"]
[Black "Zschischang, Marine"]
[Result "1-0"]
[WhiteElo "1993"]
[BlackElo "2069"]
[Annotator "NA"]
[PlyCount "191"]
[EventDate "2018.10.27"]
[EventType "team-tourn"]
[EventCountry "GER"]
[SourceTitle "playchess.com"]
[Source "ChessBase"]
[SourceQuality "1"]
[WhiteTeam "Pankow"]
[BlackTeam "SK Lehrte"]
[TimeControl "40/5400+30:1800+30"]

1. e4 {[%emt 0:00:04]} c6 {[%emt 0:00:00]} 2. d4 {[%emt 0:00:05]} d5 {[%emt 0:00:09]} 3. e5 {[%emt 0:00:07]} c5 {[%emt 0:00:02]} 4. Nf3 {[%emt 0:03:32]} Bg4 {[%emt 0:03:07]} 5. Be2 {[%emt 0:00:00]} e6 {[%emt 0:00:04]} 6. O-O {[%emt 0:00:00]} Nc6 {[%emt 0:04:28]} 7. c3 {[%emt 0:10:46]} Bxf3 {[%emt 0:01:48]} 8. Bxf3 {[%emt 0:01:11]} cxd4 {[%emt 0:00:41]} 9. cxd4 {[%emt 0:00:00]} Qb6 {[%emt 0:00:49]} 10. Be3 {[%emt 0:09:21]} Qxb2 {[%emt 0:13:28]} 11. Nd2 {[%emt 0:00:00]} Bb4 {[%emt 0:00:51]} 12. Nb3 {[%emt 0:04:25]} Qa3 {[%emt 0:05:36]} 13. Qd3 {[%emt 0:11:16]} Ba5 {[%emt 0:16:09]} 14. Rfc1 {[%emt 0:08:25]} Nge7 {[%emt 0:09:25]} 15. Rc5 {[%emt 0:06:40]} Bb6 {[%emt 0:00:00]} 16. Rc3 {[%emt 0:02:05]} Qa4 {[%emt 0:14:03]} 17. Nc5 {[%emt 0:07:38]} Bxc5 {[%emt 0:02:20]} 18. Rxc5 {[%emt 0:00:01]} Nf5 {[%emt 0:08:29]} 19. Bd1 {[%emt 0:15:53]} Qb4 {[%emt 0:00:00]} 20. Rb1 {[%emt 0:00:00]} Qe1+ {[%emt 0:02:19]} 21. Qf1 {[%emt 0:00:00]} Qxf1+ {[%emt 0:00:59]} 22. Kxf1 {[%emt 0:00:00]} O-O {[%emt 0:06:48]} 23. Rxb7 {[%emt 0:00:00]} Ncxd4 {[%emt 0:00:12]} 24. g4 {[%emt 0:00:00]} Rfb8 {[%emt 0:03:11]} 25. Rxb8+ {[%emt 0:13:29]} Rxb8 {[%emt 0:00:17]} 26. gxf5 {[%emt 0:00:00]} Nxf5 {[%emt 0:00:00]} 27. Bc1 {[%emt 0:00:00]} g6 {[%emt 0:00:55]} 28. Bg5 {[%emt 0:00:00]} Kg7 {[%emt 0:04:17]} 29. Bf6+ {[%emt 0:05:29]} Kh6 {[%emt 0:00:06]} 30. Rc7 {[%emt 0:00:00]} Rb1 {[%emt 0:00:34]} 31. Ke1 {[%emt 0:00:00]} Nd4 {[%emt 0:00:19]} 32. Rxf7 {[%emt 0:00:59]} Nf3+ {[%emt 0:01:51]} 33. Ke2 {[%emt 0:00:00]} Ng1+ {[%emt 0:00:28]} 34. Kd2 {[%emt 0:02:19]} Rb2+ {[%emt 0:00:08]} 35. Ke3 {[%emt 0:00:00]} Rxa2 {[%emt 0:00:02]} 36. Bg7+ {[%emt 0:00:07]} Kg5 {[%emt 0:00:29]} 37. h4+ {[%emt 0:00:17]} Kxh4 {[%emt 0:00:23]} 38. Bf6+ {[%emt 0:00:20]} Kh3 {[%emt 0:00:17]} 39. Rxh7+ {[%emt 0:00:22]} Kg2 {[%emt 0:00:00]} 40. Bh4 {[%emt 0:03:45]} Ra3+ {[%emt 0:03:34]} 41. Kd4 {[%emt 0:06:16]} Ra1 {[%emt 0:05:44]} 42. Bc2 {[%emt 0:06:12]} Nf3+ {[%emt 0:00:00]} 43. Kc3 {[%emt 0:00:00]} Nxe5 {[%emt 0:10:28]} 44. Bg3 {[%emt 0:05:33]} Nf3 {[%emt 0:01:17]} 45. Bxg6 {[%emt 0:00:43]} e5 {[%emt 0:05:34]} 46. Bf7 {[%emt 0:01:30]} Rc1+ {[%emt 0:04:16]} 47. Kb2 {[%emt 0:01:26]} Rc5 {[%emt 0:00:00]} 48. Rg7 {[%emt 0:01:10]} Kf1 {[%emt 0:02:06]} 49. Bh5 {[%emt 0:00:28]} Rb5+ {[%emt 0:02:31]} 50. Kc3 {[%emt 0:00:38]} Ne1 {[%emt 0:01:33]} 51. Rxa7 {[%emt 0:01:22]} e4 {[%emt 0:00:30]} 52. Be8 {[%emt 0:01:09]} Rb1 {[%emt 0:01:15]} 53. Rh7 {[%emt 0:01:33]} Rc1+ {[%emt 0:01:08]} 54. Kd2 {[%emt 0:01:17]} Rc2+ {[%emt 0:00:00]} 55. Kd1 {[%emt 0:01:46]} Rc8 {[%emt 0:00:16]} 56. Bb5+ {[%emt 0:00:31]} Nd3 {[%emt 0:00:30]} 57. Bxd3+ {[%emt 0:00:59]} exd3 {[%emt 0:00:01]} 58. Kd2 {[%emt 0:00:11]} Kg2 {[%emt 0:00:00]} 59. Kxd3 {[%emt 0:00:09]} Kf3 {[%emt 0:01:45]} 60. Kd4 {[%emt 0:00:40]} Re8 {[%emt 0:01:04]} 61. Kxd5 {[%emt 0:06:27]} Kg4 {[%emt 0:00:17]} 62. Kd6 {[%emt 0:00:17]} Re2 {[%emt 0:00:29]} 63. Re7 {[%emt 0:00:29]} Ra2 {[%emt 0:00:26]} 64. Rc7 {[%emt 0:00:00]} Re2 {[%emt 0:01:06]} 65. Rc4+ {[%emt 0:01:32]} Kf5 {[%emt 0:00:18]} 66. Rf4+ {[%emt 0:00:00]} Kg5 {[%emt 0:00:00]} 67. Rd4 {[%emt 0:00:32]} Kf5 {[%emt 0:00:23]} 68. Rd5+ {[%emt 0:00:00]} Kf6 {[%emt 0:00:39]} 69. Bh4+ {[%emt 0:00:48]} Kf7 {[%emt 0:00:17]} 70. f4 {[%emt 0:00:00]} Re6+ {[%emt 0:00:52]} 71. Kd7 {[%emt 0:00:00]} Re4 {[%emt 0:00:12]} 72. Bg5 {[%emt 0:01:21]} Ra4 {[%emt 0:00:00]} 73. f5 {[%emt 0:00:46]} Re4 {[%emt 0:01:42]} 74. Kd6 {[%emt 0:00:00]} Rg4 {[%emt 0:00:38]} 75. Bd8 {[%emt 0:00:00]} Re4 {[%emt 0:00:14]} 76. f6 {[%emt 0:01:48]} Re2 {[%emt 0:00:00]} 77. Be7 {[%emt 0:00:00]} Ra2 {[%emt 0:02:01]} 78. Rg5 {[%emt 0:00:00]} Rd2+ {[%emt 0:00:20]} 79. Ke5 {[%emt 0:02:21]} Re2+ {[%emt 0:00:08]} 80. Kd4 {[%emt 0:00:00]} Rf2 {[%emt 0:00:00]} 81. Ke3 {[%emt 0:00:00]} Rf1 {[%emt 0:00:33]} 82. Bd8 {[%emt 0:00:41]} Re1+ {[%emt 0:01:03]} 83. Kf2 {[%emt 0:00:00]} Re6 {[%emt 0:01:04]} 84. Rg7+ {[%emt 0:00:00]} Kf8 {[%emt 0:00:27]} 85. Be7+ {[%emt 0:00:00]} Ke8 {[%emt 0:00:01]} 86. Rg8+ {[%emt 0:00:00]} Kf7 {[%emt 0:00:06]} 87. Rg7+ Ke8 {[%emt 0:00:00]} 88. Kf3 {[%emt 0:00:00]} Re1 {[%emt 0:00:28]} 89. Kf4 {[%emt 0:00:00]} Rf1+ {[%emt 0:00:00]} 90. Kg5 {[%emt 0:00:00]} Rh1 {[%emt 0:01:17]} 91. Kg6 {[%emt 0:00:02]} Rh2 {[%emt 0:00:30]} 92. Rg8+ {[%emt 0:00:13]} Kd7 {[%emt 0:00:07]} 93. Kf7 {[%emt 0:00:43]} Rh7+ {[%emt 0:00:00]} 94. Rg7 {[%emt 0:00:02]} Rh8 {[%emt 0:00:32]} 95. Bb4 {[%emt 0:04:35]} Rh6 {[%emt 0:00:30]} 96. Kg8+ {[%emt 0:03:14]} 1-0

[Event "1.FrauenBL 2018-19"]
[Site "Berlin"]
[Date "2019.03.02"]
[Round "10"]
[White "Agrest, Inna"]
[Black "Jahn, Constanze"]
[Result "1-0"]
[WhiteElo "2265"]
[BlackElo "2063"]
[Annotator "NA"]
[PlyCount "97"]
[EventDate "2018.10.27"]
[EventType "team-tourn"]
[EventCountry "GER"]
[SourceTitle "playchess.com"]
[Source "ChessBase"]
[SourceQuality "1"]
[WhiteTeam "Hofheim"]
[BlackTeam "Pankow"]
[TimeControl "40/5400+30:1800+30"]

1. e4 {[%emt 0:00:04]} c5 {[%emt 0:00:06]} 2. Nf3 {[%emt 0:00:03]} e6 {[%emt 0:00:05]} 3. d4 {[%emt 0:00:06]} cxd4 {[%emt 0:00:06]} 4. Nxd4 {[%emt 0:00:03]} Nc6 {[%emt 0:00:05]} 5. Nc3 {[%emt 0:00:12]} Qc7 {[%emt 0:00:10]} 6. Be3 {[%emt 0:00:12]} a6 {[%emt 0:00:12]} 7. Qf3 {[%emt 0:00:36]} Nf6 {[%emt 0:03:05]} 8. O-O-O {[%emt 0:00:44]} Be7 {[%emt 0:03:17]} 9. Be2 {[%emt 0:00:58]} d6 {[%emt 0:01:15]} 10. Qg3 {[%emt 0:04:20]} g6 {[%emt 0:08:56]} 11. f4 {[%emt 0:07:00]} Nd7 {[%emt 0:07:13]} 12. Bf3 {[%emt 0:16:28]} Bf6 {[%emt 0:06:39]} 13. Rhe1 {[%emt 0:05:34]} Bg7 {[%emt 0:11:14]} 14. Kb1 {[%emt 0:16:23]} Na5 {[%emt 0:03:55]} 15. e5 {[%emt 0:14:49]} dxe5 {[%emt 0:06:05]} 16. f5 {[%emt 0:01:55]} Nc5 {[%emt 0:04:30]} 17. fxe6 {[%emt 0:05:00]} fxe6 {[%emt 0:01:09]} 18. Nb3 {[%emt 0:04:48]} Ncxb3 {[%emt 0:05:49]} 19. axb3 {[%emt 0:00:09]} O-O {[%emt 0:00:17]} 20. h4 {[%emt 0:03:31]} Nc6 {[%emt 0:04:42]} 21. Bxc6 {[%emt 0:03:27]} Qxc6 {[%emt 0:00:57]} 22. h5 {[%emt 0:00:16]} Qe8 {[%emt 0:01:56]} 23. Ne4 {[%emt 0:03:15]} gxh5 {[%emt 0:05:02]} 24. Bc5 {[%emt 0:00:33]} Rf4 {[%emt 0:03:20]} 25. Qd3 {[%emt 0:05:12]} b6 {[%emt 0:03:27]} 26. g3 {[%emt 0:02:45]} Rg4 {[%emt 0:09:41]} 27. Bxb6 {[%emt 0:02:57]} Bb7 {[%emt 0:00:15]} 28. Nd6 {[%emt 0:02:23]} Qc6 {[%emt 0:00:16]} 29. Nxb7 {[%emt 0:00:22]} Qxb6 {[%emt 0:00:59]} 30. Qd7 {[%emt 0:00:31]} Rf8 {[%emt 0:05:04]} 31. Nd6 {[%emt 0:00:47]} Rg6 {[%emt 0:00:24]} 32. Ne4 {[%emt 0:00:31]} Rf7 {[%emt 0:01:49]} 33. Qc8+ {[%emt 0:00:16]} Rf8 {[%emt 0:00:03]} 34. Qd7 {[%emt 0:00:04]} Rf7 {[%emt 0:00:02]} 35. Qc8+ {[%emt 0:00:17]} Rf8 {[%emt 0:00:03]} 36. Qc4 {[%emt 0:00:02]} Rg4 {[%emt 0:00:33]} 37. Rd6 {[%emt 0:00:47]} Qa5 {[%emt 0:00:16]} 38. b4 {[%emt 0:01:12]} Qa4 {[%emt 0:00:16]} 39. Rxa6 {[%emt 0:00:49]} Qd7 {[%emt 0:01:18]} 40. Qxe6+ {[%emt 0:00:28]} Qxe6 41. Rxe6 {[%emt 0:30:04]} h4 {[%emt 0:34:20]} 42. gxh4 {[%emt 0:00:00]} Rxh4 {[%emt 0:00:00]} 43. b5 {[%emt 0:00:00]} Rb8 {[%emt 0:00:00]} 44. c4 {[%emt 0:00:00]} Rh2 {[%emt 0:00:00]} 45. b6 {[%emt 0:00:00]} h6 {[%emt 0:00:00]} 46. c5 {[%emt 0:00:00]} Kf7 {[%emt 0:00:00]} 47. Rc6 {[%emt 0:00:00]} Bf8 {[%emt 0:00:00]} 48. Rf1+ {[%emt 0:00:00]} Ke7 {[%emt 0:00:00]} 49. Rcf6 {[%emt 0:00:00]} 1-0

[Event "1.FrauenBL 2018-19"]
[Site "Berlin"]
[Date "2019.03.02"]
[Round "10"]
[White "Kiefhaber, Veronika"]
[Black "Rapport, Jovana"]
[Result "0-1"]
[WhiteElo "2151"]
[BlackElo "2388"]
[Annotator "NA"]
[PlyCount "184"]
[EventDate "2018.10.27"]
[EventType "team-tourn"]
[EventCountry "GER"]
[SourceTitle "playchess.com"]
[Source "ChessBase"]
[SourceQuality "1"]
[WhiteTeam "Karlsruher SF"]
[BlackTeam "SK Schwaebisch Hall"]
[TimeControl "40/5400+30:1800+30"]

1. e4 {[%emt 0:00:05]} c5 {[%emt 0:00:11]} 2. c3 e6 {[%emt 0:00:09]} 3. d4 {[%emt 0:00:34]} d5 {[%emt 0:00:10]} 4. exd5 {[%emt 0:00:16]} exd5 {[%emt 0:00:06]} 5. Be3 {[%emt 0:03:40]} cxd4 {[%emt 0:00:10]} 6. Bxd4 {[%emt 0:00:28]} Nc6 {[%emt 0:00:07]} 7. Nf3 {[%emt 0:02:40]} a6 {[%emt 0:01:03]} 8. Bd3 {[%emt 0:01:39]} Nxd4 {[%emt 0:00:32]} 9. cxd4 {[%emt 0:00:47]} Bb4+ {[%emt 0:02:28]} 10. Nc3 {[%emt 0:01:07]} Qe7+ {[%emt 0:01:29]} 11. Qe2 {[%emt 0:02:07]} Qxe2+ {[%emt 0:00:42]} 12. Bxe2 {[%emt 0:00:34]} Ne7 {[%emt 0:10:07]} 13. Rc1 {[%emt 0:04:48]} Bd6 {[%emt 0:07:56]} 14. Na4 {[%emt 0:10:55]} Bg4 {[%emt 0:01:14]} 15. O-O {[%emt 0:01:45]} f6 {[%emt 0:01:36]} 16. Rfe1 {[%emt 0:03:55]} O-O {[%emt 0:01:13]} 17. a3 {[%emt 0:07:20]} Nc6 {[%emt 0:06:41]} 18. Nb6 {[%emt 0:14:57]} Bf4 {[%emt 0:06:03]} 19. Rc5 {[%emt 0:16:41]} Rae8 {[%emt 0:02:59]} 20. Kf1 {[%emt 0:01:58]} Bb8 {[%emt 0:14:39]} 21. Nxd5 {[%emt 0:03:38]} Bxf3 {[%emt 0:02:58]} 22. Bxf3 {[%emt 0:01:06]} Rxe1+ {[%emt 0:00:59]} 23. Kxe1 {[%emt 0:00:06]} Nxd4 {[%emt 0:00:25]} 24. Bd1 {[%emt 0:05:39]} Rd8 {[%emt 0:06:18]} 25. Ne3 {[%emt 0:07:21]} Kf7 {[%emt 0:00:55]} 26. g3 {[%emt 0:02:44]} Be5 {[%emt 0:02:56]} 27. Bg4 {[%emt 0:02:00]} g6 {[%emt 0:08:05]} 28. Rc8 {[%emt 0:02:10]} Ke7 {[%emt 0:00:08]} 29. Rxd8 {[%emt 0:00:00]} Kxd8 {[%emt 0:00:01]} 30. Kd2 {[%emt 0:01:05]} f5 {[%emt 0:00:57]} 31. Bd1 {[%emt 0:00:06]} b5 {[%emt 0:00:14]} 32. Kd3 {[%emt 0:01:00]} Kd7 {[%emt 0:00:23]} 33. b3 {[%emt 0:00:55]} Kd6 {[%emt 0:00:20]} 34. f4 {[%emt 0:00:50]} Bg7 {[%emt 0:00:26]} 35. Nf1 {[%emt 0:01:00]} Ne6 {[%emt 0:00:50]} 36. Nd2 {[%emt 0:01:07]} Nc5+ {[%emt 0:00:46]} 37. Ke3 {[%emt 0:00:24]} Bb2 {[%emt 0:01:13]} 38. Nb1 {[%emt 0:00:31]} a5 {[%emt 0:02:26]} 39. Bc2 {[%emt 0:00:28]} Kd5 {[%emt 0:04:08]} 40. Bd1 {[%emt 0:00:56]} Bc1+ {[%emt 0:02:42]} 41. Ke2 {[%emt 0:07:41]} Kd4 {[%emt 0:00:26]} 42. Bc2 {[%emt 0:01:23]} b4 {[%emt 0:07:27]} 43. axb4 {[%emt 0:01:03]} axb4 {[%emt 0:00:03]} 44. Bd1 {[%emt 0:02:39]} h5 {[%emt 0:05:57]} 45. Bc2 {[%emt 0:03:16]} h4 {[%emt 0:01:55]} 46. gxh4 {[%emt 0:03:41]} Bxf4 {[%emt 0:02:55]} 47. h5 {[%emt 0:01:37]} gxh5 {[%emt 0:01:15]} 48. Bxf5 {[%emt 0:00:09]} Bxh2 {[%emt 0:05:09]} 49. Nd2 {[%emt 0:02:59]} Bg3 {[%emt 0:00:06]} 50. Bg6 {[%emt 0:02:24]} h4 {[%emt 0:00:22]} 51. Kf3 {[%emt 0:01:03]} Be1 {[%emt 0:03:54]} 52. Nc4 {[%emt 0:02:47]} Nxb3 {[%emt 0:09:43]} 53. Ne3 {[%emt 0:00:16]} Kc3 {[%emt 0:01:46]} 54. Nd5+ {[%emt 0:03:22]} Kb2 {[%emt 0:00:35]} 55. Kg4 {[%emt 0:00:21]} Ka3 {[%emt 0:00:16]} 56. Ne3 {[%emt 0:00:38]} Bf2 {[%emt 0:01:01]} 57. Nd5 {[%emt 0:01:29]} Nd4 {[%emt 0:00:49]} 58. Nxb4 {[%emt 0:00:40]} Kxb4 {[%emt 0:00:04]} 59. Be4 {[%emt 0:00:07]} Kc3 {[%emt 0:00:08]} 60. Kh3 {[%emt 0:00:23]} Kd2 {[%emt 0:00:38]} 61. Kg2 {[%emt 0:00:22]} Ke2 {[%emt 0:01:21]} 62. Bd5 {[%emt 0:00:14]} Nf5 {[%emt 0:00:16]} 63. Bf3+ {[%emt 0:00:12]} Ke1 {[%emt 0:00:47]} 64. Bc6 {[%emt 0:01:08]} Ne3+ {[%emt 0:00:02]} 65. Kh1 {[%emt 0:00:17]} Bg3 {[%emt 0:01:14]} 66. Bd7 {[%emt 0:00:15]} Kf2 {[%emt 0:00:57]} 67. Be6 {[%emt 0:00:07]} Bd6 {[%emt 0:00:07]} 68. Bh3 {[%emt 0:00:29]} Nd5 {[%emt 0:02:49]} 69. Be6 {[%emt 0:00:47]} Nf4 {[%emt 0:00:03]} 70. Bg4 {[%emt 0:00:11]} Kg3 {[%emt 0:00:23]} 71. Bd7 {[%emt 0:00:17]} Nd3 {[%emt 0:01:17]} 72. Bc6 {[%emt 0:00:39]} Ne5 {[%emt 0:04:51]} 73. Bd5 {[%emt 0:00:08]} h3 {[%emt 0:01:02]} 74. Kg1 {[%emt 0:01:01]} Bc5+ {[%emt 0:00:31]} 75. Kf1 {[%emt 0:00:00]} Ng4 {[%emt 0:00:05]} 76. Ke2 {[%emt 0:00:26]} Ne3 {[%emt 0:00:21]} 77. Bc6 {[%emt 0:01:18]} Bb6 {[%emt 0:00:09]} 78. Bb7 {[%emt 0:00:12]} Bd4 {[%emt 0:00:23]} 79. Bc6 {[%emt 0:00:07]} Ba7 {[%emt 0:01:07]} 80. Bb7 {[%emt 0:00:08]} Bb6 {[%emt 0:00:03]} 81. Bc6 {[%emt 0:00:06]} Bd4 {[%emt 0:01:21]} 82. Bb7 {[%emt 0:00:06]} Bc5 {[%emt 0:00:28]} 83. Bc6 {[%emt 0:00:05]} h2 {[%emt 0:00:37]} 84. Bh1 {[%emt 0:00:47]} Nf5 {[%emt 0:00:02]} 85. Kf1 {[%emt 0:00:19]} Kh3 {[%emt 0:00:03]} 86. Bg2+ {[%emt 0:00:06]} Kh4 {[%emt 0:01:22]} 87. Ke1 {[%emt 0:01:13]} Kg3 {[%emt 0:00:29]} 88. Bh1 {[%emt 0:00:05]} Kf4 {[%emt 0:00:16]} 89. Bc6 {[%emt 0:00:54]} Ke3 {[%emt 0:00:16]} 90. Bd5 {[%emt 0:00:11]} Bb4+ {[%emt 0:00:33]} 91. Kd1 {[%emt 0:01:01]} Kf2 {[%emt 0:00:05]} 92. Bc6 {[%emt 0:00:37]} Ne3+ {[%emt 0:00:05]} 0-1